000 00376nam a2200097Ia 4500
008 180130s9999 xx 000 0 und d
245 _cLudgate, John
_aContinuing education for therapists in practice
260 _c2016
300 _aBook title: Teaching and supervising cognitive behavioral therapy--Acession number C20879; pages 159-182
650 _aCOGNITIVE BEHAVIORAL THERAPY
999 _c353976
_d353976